Age of 2009 English Premiership Clubs Quiz Stats

 Plays Quiz not verified by Sporcle

Challenge
Share
Tweet
Embed
Score 0/20 Timer 05:00
0 Plays Today
Age Club % Correct
77Wigan Athletic
59.2%
146Stoke City
58.6%
135Aston Villa
57.4%
117Liverpool
51.5%
131Everton
49.1%
104Chelsea
48.5%
131Manchester United
46.7%
123Arsenal
45.6%
135Bolton Wanderers
45%
130Fulham
38.5%
Age Club % Correct
134Blackburn Rovers
37.9%
134Birmingham City
37.3%
127Tottenham Hotspur
37.3%
105Hull City
37.3%
122Manchester City
34.9%
130Sunderland
32.5%
132Wolverhampton Wanderers
31.4%
114West Ham United
30.8%
127Burnley
30.2%
111Portsmouth
29%

You're not logged in!

Compare scores with friends on all Sporcle quizzes.
Join for Free
OR
Log In

You Might Also Like...

Show Comments

Extras

Top Quizzes Today


Score Distribution

Your Account Isn't Verified!

In order to create a playlist on Sporcle, you need to verify the email address you used during registration. Go to your Sporcle Settings to finish the process.

Report this User

Report this user for behavior that violates our Community Guidelines.

Details: